Agroquímica y salud / (Record no. 40971)

MARC details
000 -LEADER
campo de control de longitud fija 00720nam a2200181 i 4500
001 - NÚMERO DE CONTROL
campo de control 40971
003 - IDENTIFICADOR DE NÚMERO DE CONTROL
campo de control ES-MaACL
007 - CAMPO FIJO DE DESCRIPCIÓN FÍSICA--INFORMACIÓN GENERAL
campo de control de longitud fija t|
008 - DATOS DE LONGITUD FIJA--INFORMACIÓN GENERAL
campo de control de longitud fija 030307s1972 sp ||||1| spa d
100 1# - ENTRADA PRINCIPAL--NOMBRE DE PERSONA
Nombre de persona Carpena Artes, Octavio.
9 (RLIN) 35429
245 10 - MENCIÓN DEL TÍTULO
Título Agroquímica y salud /
Mención de responsabilidad, etc. discurso de ingreso de Octavio Carpena Artes ; discurso de contestación, José Manuel Gómez Jiménez de Cisneros ; discurso final Ramón Sánchez Parra.
260 ## - PUBLICACIÓN, DISTRIBUCIÓN, ETC.
Lugar de publicación, distribución, etc. Murcia :
Nombre del editor, distribuidor, etc. Academia de Medicina y Cirugía,
Fecha de publicación, distribución, etc. 1972.
300 ## - DESCRIPCIÓN FÍSICA
Extensión 93 p. ;
Dimensiones 24 cm.
700 1# - ENTRADA AGREGADA--NOMBRE PERSONAL
Nombre de persona Jiménez de Cisneros, José Manuel.
9 (RLIN) 66496
700 1# - ENTRADA AGREGADA--NOMBRE PERSONAL
Nombre de persona Sánchez Parra, Ramón.
9 (RLIN) 102832
710 2# - ENTRADA AGREGADA--NOMBRE DE ENTIDAD CORPORATIVA
Nombre de entidad corporativa o nombre de jurisdicción como elemento de entrada Academia de Medidina y Cirugía (Murcia)
9 (RLIN) 1189
852 ## - LOCALIZACIÓN
Ubicación ES-MaACL
Número de control de estantería E-43311
Sublocalización o colección R.82034
Holdings
Estatus retirado Estado de pérdida Estado de daño No para préstamo Biblioteca de origen Biblioteca actual Ubicación en estantería Fecha de adquisición Fuente de adquisición Total de préstamos Signatura topográfica completa Código de barras Visto por última vez Precio de reemplazo Tipo de ítem Koha
        Biblioteca del Ateneo de Madrid Biblioteca del Ateneo de Madrid Depósito 2 17/01/2008     E-43311 1043136 23/02/2023 23/02/2023 Libro impreso